| 000 | 00525nam a22001937a 4500 | ||
|---|---|---|---|
| 003 | DO-SdBNP | ||
| 005 | 20180309095406.0 | ||
| 008 | 180309b1997 dr||||| |||| 00| 0 spa d | ||
| 020 | _a8482610058 | ||
| 040 |
_aBPMSU _bspa _cBPMSU |
||
| 100 | _aScott, Elizabeth | ||
| 245 |
_aBiología y química _b1 er ciclo _cElizabeth Scott |
||
| 260 |
_aSanto Domingo _bSSantillana _c1997 |
||
| 300 |
_a279 p. _bil. _c28 cm |
||
| 490 | _aSantillana | ||
| 942 |
_2ddc _cBK |
||
| 945 | _ainventariado, 2018 / dg | ||
| 956 |
_adgarcia _b10 |
||
| 999 |
_c13349 _d13349 |
||